Варшавско-Ивангородская операция: сборник документов Мировой империалистической войны на русском фронте (1914-1917); маневренный период 1914 г.

書誌詳細
団体著者: Генеральный штаб РККА
言語:ロシア語
出版事項: Москва, Государственное военное издательство, 1938
主題:
フォーマット: 図書
KOHA link:https://koha.lib.tpu.ru/cgi-bin/koha/opac-detail.pl?biblionumber=356674

MARC

LEADER 00000nam0a2200000 4500
001 356674
005 20260217164401.0
035 |a (RuTPU)RU\TPU\retro\13934 
090 |a 356674 
100 |a 20200722d1938 km y0rusy50 ca 
101 0 |a rus 
102 |a RU 
105 |a ab z 001zy 
200 1 |a Варшавско-Ивангородская операция  |e сборник документов Мировой империалистической войны на русском фронте (1914-1917)  |e маневренный период 1914 г.  |f Генеральный штаб РККА 
210 |a Москва  |c Государственное военное издательство  |d 1938 
215 |a 511 с.  |c ил., карты 
320 |a Приложения: с. 510-511 
606 |a Первая мировая война 1914-1918  |y Россия  |9 89171 
610 1 |a русский фронт 
610 1 |a боевые действия 
610 1 |a военные операции 
610 1 |a русская армия 
610 1 |a наступательные операции 
610 1 |a Австро-Германский Союз 
610 1 |a австро-германский блок 
610 1 |a отсутствие 
610 1 |a документы 
610 1 |a карты 
686 |a Т3(2)534  |2 rubbk 
712 0 2 |a Генеральный штаб РККА  |3 (RuTPU)RU\TPU\col\27536 
801 1 |a RU  |b 63413507  |c 20200722 
801 2 |a RU  |b 63413507  |c 20200724  |g RCR 
942 |c BK